Score 0/21 Timer 02:00
2 Plays Today
Hint Word % Correct
Where a college student livesDORM
97.6%
A genie in a bottle will grant you threeWISH
96.1%
Dirt squirmer used for baitWORM
95.3%
MoneyCASH
93.7%
An enclosed space within a building⌂ROOM⌂
93.1%
2013 zombie-romance film '___ Bodies'WARM
93.1%
Blemish found on a witch's noseWART
93.1%
A plateDISH
92%
Sprint or move hurriedlyDASH
91.3%
Accompanied by or alongside⌂WITH⌂
90.7%
Walking stickCANE
90.7%
Hint Word % Correct
A job for a lawyerCASE
88.7%
SI Unit of powerWATT
88.2%
Classic first-person shooter gameDOOM
87.8%
A plan of restricted food choicesDIET
85.2%
German skating Olympian Katarina ___WITT
85%
To share a meal with anotherDINE
81.9%
Hamlet, Bohr, Kierkegaard, e.g.DANE
79.5%
US '60s-'70s war opponent: '___ Cong'VIET
78%
An impression inflicted upon a surfaceDINT
74.9%
To see or watch⌂VIEW⌂
73.6%

Today's Daily Dose

You're not logged in!

Compare scores with friends on all Sporcle quizzes.
OR
Log In

Sporcle TV

Today on Sporcle TV


Watch our educational content, quiz creation guides, and fun videos on Sporcle TV.

Show Comments

Extras

Top Quizzes Today


Score Distribution

Your Account Isn't Verified!

In order to create a playlist on Sporcle, you need to verify the email address you used during registration. Go to your Sporcle Settings to finish the process.

Report this User

Report this user for behavior that violates our Community Guidelines.

Details: